| 000 | 00583nam a2200169 i 4500 | ||
|---|---|---|---|
| 001 | 62072 | ||
| 003 | ES-MaACL | ||
| 005 | 20251105063131.0 | ||
| 007 | t| | ||
| 008 | 031117s1920 sp ||||1| cat d | ||
| 100 | 1 |
_aFaura i Sans, M., _d1883-1941 _948954 |
|
| 245 | 1 | 3 |
_aUn periode d'activitat sismica en els Pirineus Centrals / _cMariano Faura y Sans. |
| 260 |
_aPalamós : _b[s.n., _c1920] ( _fEstampa de Llorens Castelló) |
||
| 500 | _aExtret del Bulletí de la Institució Catalana d'Historia Natural, 1920. | ||
| 852 |
_aES-MaACL _j1621-F-20 |
||
| 999 |
_c62072 _d62072 |
||